The Waiter & waitress and waitstaff training handbook : (Record no. 357813)
[ view plain ]
| 000 -LEADER | |
|---|---|
| fixed length control field | 00672nam a2200229Ia 4500 |
| 008 - FIXED-LENGTH DATA ELEMENTS--GENERAL INFORMATION | |
| fixed length control field | 180523s9999 xx 000 0 und d |
| 020 ## - INTERNATIONAL STANDARD BOOK NUMBER | |
| International Standard Book Number | 0-910627-47-9 |
| 050 ## - LIBRARY OF CONGRESS CALL NUMBER | |
| Classification number | MAIN TX 925 |
| 050 ## - LIBRARY OF CONGRESS CALL NUMBER | |
| Item number | .A73 2005 |
| 100 ## - MAIN ENTRY--PERSONAL NAME | |
| Personal name | Arduser, Lora. |
| 245 #4 - TITLE STATEMENT | |
| Title | The Waiter & waitress and waitstaff training handbook : |
| 245 #2 - TITLE STATEMENT | |
| Remainder of title | a complete guide to the proper steps in service for food & beverage employees / |
| 245 #0 - TITLE STATEMENT | |
| Statement of responsibility, etc | Lora Arduser & Douglas R. Brown. |
| 260 ## - PUBLICATION, DISTRIBUTION, ETC. (IMPRINT) | |
| Place of publication, distribution, etc | USA : |
| 260 ## - PUBLICATION, DISTRIBUTION, ETC. (IMPRINT) | |
| Name of publisher, distributor, etc | Atlantic Pub. Group Inc., |
| 260 ## - PUBLICATION, DISTRIBUTION, ETC. (IMPRINT) | |
| Date of publication, distribution, etc | 2005 |
| 300 ## - PHYSICAL DESCRIPTION | |
| Extent | 284 pages : |
| 300 ## - PHYSICAL DESCRIPTION | |
| Other physical details | illustrations ; |
| 300 ## - PHYSICAL DESCRIPTION | |
| Dimensions | 23 cm. |
| 500 ## - GENERAL NOTE | |
| General note | Includes index. |
| 650 ## - SUBJECT ADDED ENTRY--TOPICAL TERM | |
| Topical term or geographic name as entry element | Table service |
| Withdrawn status | Lost status | Damaged status | Home library | Current library | Shelving location | Date acquired | Cost, normal purchase price | Total Checkouts | Full call number | Barcode | Date last seen | Price effective from | Koha item type |
|---|---|---|---|---|---|---|---|---|---|---|---|---|---|
| South Mansfield College | South Mansfield College | 01/10/2008 | 2.00 | MAIN TX 925 .A73 2005 | SMC04013 | 05/23/2018 | 05/23/2018 |